LIBRARY & INFORMATION CENTRE, KCAET, TAVANUR

ONLINE PUBLIC ACCESS CATALOGUE (OPAC)

ABC of English usage / (Record no. 5720)

MARC details
000 -LEADER
fixed length control field 00450cam a2200193ua 4500
041 ## - LANGUAGE CODE
Language code of text/sound track or separate title eng
082 ## - DEWEY DECIMAL CLASSIFICATION NUMBER
Classification number 428
Item number TRI/AB
100 ## - MAIN ENTRY--AUTHOR NAME
Personal name Treble, H A .
245 ## - TITLE STATEMENT
Title ABC of English usage /
250 ## - EDITION STATEMENT
Edition statement 1 /
260 ## - PUBLICATION, DISTRIBUTION, ETC. (IMPRINT)
Place of publication Oxford :
Name of publisher Clarendon Press ,
Year of publication 1961.
300 ## - PHYSICAL DESCRIPTION
Number of Pages 191 ; .
700 1# - ADDED ENTRY--PERSONAL NAME
Personal name Vallins, G H .
942 ## - ADDED ENTRY ELEMENTS (KOHA)
Koha item type Books
Holdings
Withdrawn status Lost status Damaged status Home library Current library Date acquired Full call number Accession Number Koha item type
Withdrawn     KAUAET Malayalam University 07/04/2012 428 5310 Books
free website counter